Регионална библиотека "Любен Каравелов" - Русе

Сцена и живот (Запис номер 110532)

MARC детайли
000 -Лидер
Контролно поле с фиксирана дължина 02487nam a2200481 a 4500
003 - Код на организацията, давaща контролен номер
Контролно поле BLK
005 - Дата и час на последна редакция
Контролно поле 20240802131759.0
008 - Елементи от данни с фиксирана дължина
fixed length control field 180409b bul|||||r ||||||| ||bul||
010 ## - Наследен системен номер
LC control number KNG00115859000
020 ## - Международен стандартен номер на книга ISBN
Международен стандартен номер на книга ISBN 954-500-110-0
040 ## - Източник на каталожния запис
Идентификатор на билиотеката - собственик на записа BLK
041 ## - Код за език
Код за езика на текст/звукозапис или на отделно заглавие Български
Код за езика КДБФ Български
080 ## - УДК
Текстов определител УДК Драматични театри. Театри за драма и комедия. Вж и 82-2
УДК код - определител по УДК 792.2
УДК определител .071.2(497.2)(092)
УДК - код + определител 792.2.071.2(497.2)(092)
080 ## - УДК
Текстов определител УДК Киноактьори
УДК код - определител по УДК 791.44.071.2
УДК определител (497.2)(092)
УДК - код + определител 791.44.071.2(497.2)(092)
080 ## - УДК
УДК код - определител по УДК 929 Чапразов, Андрей Михайлов
УДК - код + определител 929 Чапразов, Андрей Михайлов
100 ## - Редна дума - Автор
Автор Чапразов, Андрей Михайлов
Дати, свързани с автора 1920 - 1999
R(LIN) 375749
139 ## - Редно поле
Редна дума Чапразов, Андрей Михайлов
Авторски знак Чапр - Ч 33
245 10 - Сведения за заглавието
Заглавие Сцена и живот
Подзаглавни данни [Кн. 1] -
Редно поле (дума) Андрей Михайлов Чапразов; записал на том Димитър Димитров; състав. на том Емилия Цветкова.
Том [Кн. 1]
257 ## - Страна на издаване
Страна на създаване/издаване България
260 ## - Област на издателските данни
Място на издаване, разпространение и проч. София
Година на издаване 2003 -
Информация за издателството ИК Борина
Печатница София : Балкан
300 ## - Физическа характеристика
Размери/Мащаб 21 см
Страници 175 с.
Илюстрации и др. с ил., портр.
380 ## - Жанр
Жанр Изкуство
600 #0 - Име на лице, използвано като предмет
За него / За нея Чапразов, Андрей Михайлов
Свързани дати 1920 - 1999
9 (RLIN) 375749
650 #4 - Допълнително описание по предмет – тема
Основно описание – тема или топоним Актьори, български - биографии
9 (RLIN) 241623
650 #4 - Допълнително описание по предмет – тема
Основно описание – тема или топоним Киноартисти, български
9 (RLIN) 266032
650 #4 - Допълнително описание по предмет – тема
Основно описание – тема или топоним Чапразов, Андрей Михайлов
9 (RLIN) 375749
650 #4 - Допълнително описание по предмет – тема
Основно описание – тема или топоним България - театър и кино
9 (RLIN) 274280
651 #4 - Допълнително описание по предмет - топоним
Географско понятие България
9 (RLIN) 241624
653 ## - Ключова дума – ненормативна
Ключова дума Андрей Чапразов
653 ## - Ключова дума – ненормативна
Ключова дума български артисти
653 ## - Ключова дума – ненормативна
Ключова дума киноартисти
653 ## - Ключова дума – ненормативна
Ключова дума актьори
700 1# - Други автори (авторска отговорност)
Лично име Димитров, Димитър
Автороска отговорност (Описва отношението между автора и произведението) записал на том
9 (RLIN) 363351
700 1# - Други автори (авторска отговорност)
Лично име Цветкова, Емилия
Автороска отговорност (Описва отношението между автора и произведението) състав. на том
9 (RLIN) 365712
760 1# - Описание на основната серия
Редна дума на основното описание Чапразов, Андрей Михайлов
Място на издаване, издател и година Борина, 2003
Страници - том 175 с. : с ил., портр.
Забележка - том Съдържа и Участия в спектакли в Народния театър Иван Вазов ; Участия във филми.
Заглавие [Кн. 1]
852 ## - Местоположение
Форматна сигнатура Цб 221430
Фондова буква Хранилище
856 4# - Електронен адрес и достъп
Електронен формат pdf - файл
856 4# - Електронен адрес и достъп
Електронен формат pdf - файл
942 ## - АРТИКУЛИ
Вид на библиотечния материал Книги
Скрит в OPAC Не
944 ## - СЪЗДАВАНЕ И РЕДАКЦИЯ на ЗАПИСА
Създаване/Редакция Създаване
Дата на регистрацията/редакция 28.10.2004
Служител, извършил регистрацията/редакцията 30560
Статус, дата на статуса Геновева Генчева
944 ## - СЪЗДАВАНЕ И РЕДАКЦИЯ на ЗАПИСА
Създаване/Редакция Редакция
Дата на регистрацията/редакция 03.01.2017
Статус, дата на статуса ф /
Служител, извършил регистрацията/редакцията Людмила_Стоянова
999 ## - СИСТЕМНИ КОНТРОЛНИ НОМЕРА
Koha biblionumber 110532
Koha biblioitemnumber 110532
999 ## - СИСТЕМНИ КОНТРОЛНИ НОМЕРА
Koha biblioitemnumber 110532
Наличности
Код за отписване Код за изгубен артикул Код за повреда Коз за рестрикции Код за отдаване Артикулен № Име на библиотеката - собственик Име на библиотеката, в която се намира в момента Статус (Текущо местоположение) Дата на вписване в системата Местоположение - отдел Цена в лева Инвентарен номер Систематично азбучна сигнатура Баркод Номер на екземпляра Цена в евро Служебна бележка Служебен тип на артикула Източник на класификационната схема
  Не е изгубен Не е повреден без рестрикции ползва се в читалня 177809 Регионална библиотека "Любен Каравелов" Русе Регионална библиотека "Любен Каравелов" Русе Хранилище 2004-10-28 Хранилище 0.00 120000689657 Цб 221430 120000689657 1 0.00 Дост: Dp Вид: Д N: 2 Дата: 16.12.2003 Книги  
  Не е изгубен Не е повреден без рестрикции заемане за дома 177810 Регионална библиотека "Любен Каравелов" Русе Регионална библиотека "Любен Каравелов" Русе Отдел Изкуство - подръчен фонд 2016-07-18 Отдел Изкуство - подръчен фонд 12.00 120000802376 792(497.2)(092)/Ч 33 120000802376 2 6.14 Дост: DA Вид: А N: 28 Дата: 18.07.2016 Книги Universal Decimal Classification
Vip Innovations Ltd, Rousse, Bulgaria 2025